000
00312nam a2200121Ia 4500
008
190722s9999 xx 000 0 und d
020
_a
978-93-325-5237-1
100
_a
Jacob Schatz
245
0
_a
Learning Swift Programming
260
_a
India
_b
Pearson India Education Services
_c
2015
300
_a
233
942
_c
BK
999
_c
372
_d
372